Normal view
MARC view
Entry Meeting Name
001 - CONTROL NUMBER
- control field: 21638
003 - CONTROL NUMBER IDENTIFIER
- control field: OSt
005 - DATE AND TIME OF LATEST TRANSACTION
- control field: 20220918164919.0
008 - FIXED-LENGTH DATA ELEMENTS
- fixed length control field: 220918|| aca||aabn | a|a d
040 ## - CATALOGING SOURCE
- Original cataloging agency: OSt
- Transcribing agency: OSt
111 ## - HEADING--MEETING NAME
- Meeting name or jurisdiction name as entry element: African Studies Association Meeting (San Francisco)
670 ## - SOURCE DATA FOUND
- Source citation: Work cat.: (OSt)127368: African Studies Association Meeting (San Francisco), Papers , 1991
